01016nab a2200277 uc450000100070000000500170000700800410002403500110006503500210007604000130009704100080011010000380011824501340015665000470029065000310033765000350036865000340040365000180043765000210045565000300047665000090050670000300051570000270054570000310057277301350060386468020240827092656.0040304e20020105 spa  a864680 a(OCoLC)820096676 ccomduadb aspa10aRijo Camacho, Esperanza4auteaut10aPatogenicidad de los hongos Verticillium lecanii (Zimmermann) Viegas y Beauveria bassiana (Balm) Vuilleman a animales homeotermos aHongo entomopatogeno: Verticillium lecanii aHongo : Beauveria bassiana 7aHongos entomopatógenos2lemb aControl de plagas agrícolas aPatogenicidad 7aMicología2dcs aInmunología veterinaria aCuba10aLujan, Mercedes4auteaut10aOliva, Julio4auteaut10aMartinez, Jose R4auteaut0 tRevista Cenic. Ciencias Biológicas (La Habana)gVolumen 33, Número 01, Enero-Abril de 2002, p. 33-35w106242x0258-6002090925